000 01146nam a22002537a 4500
005 2010080605305.0
010 _aHIN-90031
020 _c980.00
_a9788184840100
035 _aHN-62377
037 _bDBAD / PUB
082 _a330.9
100 _aदत्त, रूद्र
_911893
245 _aविकास, गरीबी और समता /
_cरूद्र दत्त
246 _aVikas, Garibi Aur Samta
_bby Rudra Dutt
260 _aनई दिल्ली
_bरीगल पब्लिकेशन्स
_c2009
270 _aएफ-159, रजौरी गार्डन
_bनई दिल्ली
_e110027
_k011-45546396
300 _a314पृ
_c25सेमी (सजिल्द)
500 _aभारत के आर्थिक एंव सामाजिक विकास की कहानी
700 _97228
700 _97267
700 _97698
942 _adpl
_cHN
_k
_2ddc
_mदत्तरू
_h330.9
999 _c39798
_d39798